00267nam a2200109Ia 4500008004100000020001800041100001400059245003500073260003300108300000800141650000800149191201s2015 xx 000 0 und d a9780070667266 aPAI,G.A.V 0aData Structures and Algorithms aN. delhibMc graw hillc2015 a461 aMCA